Largest City By Climate Type in South Africa - Statistics

General Stats
  • This quiz has been taken 2 times
  • The average score is 5 of 9
Answer Stats
Climate Type City % Correct
Csb (Warm-summer mediterranean) Cape Town
100%
BSk (Cold semi-arid) Bloemfontein
50%
Cfa (Humid subtropical) Durban
50%
Cwb (Subtropical highland) Johannesburg
50%
Csa (Hot-summer mediterranean) Paarl
50%
Cfb (Oceanic) Port Elizabeth
50%
Cwa (Humid subtropical) Pretoria
50%
BWh (Hot desert) Upington
50%
BSh (Hot semi-arid) Worcester
0%
No matching quizzes found
Score Distribution
Percent of People with Each Score
Percentile by Number Answered
Your Score History
You have not taken this quiz